书目信息 |
| 题名: |
21世纪的心理科学与脑科学
|
|
| 作者: | 索拉索 , Solso 著 ;朱滢 , 陈烜之 译 | |
| 分册: | ||
| 出版信息: | 北京 北京大学出版社 2002 |
|
| 页数: | 12,325页 | |
| 开本: | 20cm | |
| 丛书名: | 心理学译丛 | |
| 单 册: | ||
| 中图分类: | B84 , R338.2 | |
| 科图分类: | ||
| 主题词: | 心理学--研究--21世纪 , 脑科学--研究--21世纪 , 心理学 , 脑科学 | |
| 电子资源: | ||
| ISBN: | 7-301-04997-8 | |
| 000 | 01310oam2 2200373 450 | |
| 001 | 012007731425 | |
| 005 | 20070704165449.06 | |
| 010 | @a7-301-04997-8@dCNY18.00 | |
| 100 | @a20070516d2002 km y0chiy0120 ea | |
| 101 | 1 | @achi@ceng |
| 102 | @aCN@b110000 | |
| 105 | @aac z 000yy | |
| 106 | @ar | |
| 200 | 1 | @a21世纪的心理科学与脑科学@A21 shi ji de xin li ke xue yu nao ke xue@f(美)罗伯特·索拉索(Solso,R.L.)著@F(mei)luo bo te·suo la suo(Solso,R.L.)zhu@g朱滢,陈烜之等译@Gzhu ying,chen xuan zhi deng yi |
| 210 | @a北京@c北京大学出版社@d2002 | |
| 215 | @a12,325页@c照片,图@d20cm | |
| 225 | 2 | @a心理学译丛 |
| 305 | @a据美国MIT出版社1999年英文版译出 | |
| 306 | @a由美国MIT出版社授权出版 | |
| 330 | @a本书包括“意识和21世纪”、“21世纪的大脑与心理”、“21世纪的心理学(记忆、理论和认知)”、“心理科学”四部分内容。 | |
| 461 | 0 | @12001 @a心理学译丛 |
| 510 | 1 | @aMind and brain sciences in the 21st century@zeng |
| 606 | 0 | @a心理学@x研究@z21世纪 |
| 606 | 0 | @a脑科学@x研究@z21世纪 |
| 606 | 0 | @a心理学 |
| 606 | 0 | @a脑科学 |
| 690 | @aB84@v4 | |
| 690 | @aR338.2@v4 | |
| 701 | 1 | @c(美)@a索拉索@Asuo la suo@b罗伯特@4著 |
| 701 | 1 | @c(美)@aSolso@bR.L.@4著 |
| 702 | 0 | @a朱滢@Azhu ying@4译 |
| 702 | 0 | @a陈烜之@Achen xuan zhi@4译 |
| 801 | 0 | @aCN@bRULIN@c20070704 |
| 905 | @dB84@e776@s8 | |
| 21世纪的心理科学与脑科学/(美)罗伯特·索拉索(Solso,R.L.)著/朱滢,陈烜之等译.-北京:北京大学出版社,2002 |
| 12,325页:照片,图;20cm.-(心理学译丛) |
| ISBN 7-301-04997-8:CNY18.00 |
| 本书包括“意识和21世纪”、“21世纪的大脑与心理”、“21世纪的心理学(记忆、理论和认知)”、“心理科学”四部分内容。 |
| ● |
| 相关链接 |
|
|
|
|
正题名:21世纪的心理科学与脑科学
索取号:B84/776
 
预约/预借
| 序号 | 登录号 | 条形码 | 馆藏地/架位号 | 状态 | 备注 |
| 1 | 0580457 | 205804575 | 第一样本阅览室/ [索取号:B84/776] | 在馆 | |
| 2 | 0580458 | 205804584 | 第一借阅区/ [索取号:B84/776] | 在馆 | |
| 3 | 0580459 | 205804593 | 第一借阅区/ [索取号:B84/776] | 在馆 | |
| 4 | 0580460 | 205804600 | 教育系资料室/ [索取号:B84/776] | 在馆 | |
| 5 | 0580461 | 205804619 | 密集书库/ [索取号:B84/776] | 在馆 | |
| 6 | 0580462 | 205804628 | 教育系资料室/ [索取号:B84/776] | 在馆 | |
| 7 | 0580463 | 205804637 | 第一借阅区/ [索取号:B84/776] | 在馆 | |
| 8 | 0580464 | 205804646 | 第一借阅区/ [索取号:B84/776] | 在馆 |